000 00481nam a22001817a 4500
003 OSt
005 20230712114550.0
008 160902b xxu||||| |||| 00| 0 eng d
020 _a0
040 _c0
082 _a843.914 BEC 2006
100 _aBeckett,Samuel
_9317
245 _aWaiting For Godot:
_bA Tragicomedy in Two Acts
260 _aErode
_bA.B.Books
_c2006
300 _a60 p.
_bPB.
440 _aWaiting For Godot: A Tragicomedy in Two Acts
_9113572
942 _2ddc
_cBK
999 _c351732
_d351732